Science over the 60 years / (Record no. 65744)
[ view plain ]
| 000 -LEADER | |
|---|---|
| fixed length control field | 00775nam a2200253 a 4500 |
| 001 - CONTROL NUMBER | |
| control field | 65744 |
| 003 - CONTROL NUMBER IDENTIFIER | |
| rucl marc code | BD-RjUL |
| 005 - DATE AND TIME OF LATEST TRANSACTION | |
| control field | 20211209081447.0 |
| 008 - FIXED-LENGTH DATA ELEMENTS--GENERAL INFORMATION | |
| fixed length control field | 170311s1977 ru af 000 0 eng d |
| 020 ## - INTERNATIONAL STANDARD BOOK NUMBER | |
| Terms of availability | 0.46rub |
| 035 ## - SYSTEM CONTROL NUMBER | |
| System control number | (BD-RjUL)65874 |
| 040 ## - CATALOGING SOURCE | |
| Original cataloging agency | DLC |
| Transcribing agency | DLC |
| Modifying agency | DLC |
| -- | BD-RjUL |
| Language of cataloging | eng |
| 041 ## - LANGUAGE CODE | |
| Language code of text/sound track or separate title | eng |
| 082 00 - DEWEY DECIMAL CLASSIFICATION NUMBER | |
| Edition number | 23 |
| Classification number | 509.47 |
| Author mark and year | USS 1977 |
| 245 00 - TITLE STATEMENT | |
| Title | Science over the 60 years / |
| Statement of responsibility, etc. | USSR. |
| 260 ## - PUBLICATION, DISTRIBUTION, ETC. (IMPRINT) | |
| Place of publication, distribution, etc. | Moscow : |
| Name of publisher, distributor, etc. | Novosti Press Agency Pub. House, |
| Date of publication, distribution, etc. | 1977. |
| 300 ## - PHYSICAL DESCRIPTION | |
| Pagination | 45 p., [16] leaves of plates : |
| Illustrations | ill. ; |
| Size | 19 cm. |
| 490 0# - SERIES STATEMENT | |
| Series statement | USSR, yesterday, today, and tomorrow |
| 650 #0 - SUBJECT ADDED ENTRY--TOPICAL TERM | |
| Topical term or geographic name as entry element | Science |
| Geographic subdivision | Soviet Union. |
| 9 (RLIN) | 194414 |
| Topical term or geographic name as entry element | Research |
| Geographic subdivision | Soviet Union. |
| 9 (RLIN) | 194415 |
| 830 ## - SERIES ADDED ENTRY--UNIFORM TITLE | |
| Uniform title | USSR, yesterday, today, and tomorrow |
| 942 ## - ADDED ENTRY ELEMENTS (KOHA) | |
| Source of classification or shelving scheme | Dewey Decimal Classification |
| Koha item type | Books |
| Lost status | Source of classification or shelving scheme | Damaged status | Not for loan | Collection code | Permanent Location | Current Location | Shelving location | Date acquired | Source of acquisition | Cost, normal purchase price | Total Checkouts | Full call number | Date last seen | Copy number | Koha item type |
|---|---|---|---|---|---|---|---|---|---|---|---|---|---|---|---|
| Dewey Decimal Classification | Not For Loan | Non-fiction | Central Library, University of Rajshahi | Central Library, University of Rajshahi | Reading Room | 17/03/2009 | Dhaka, Paragon Enterprises Ltd | 0.00 | 509.47 USS 1977 | 11/03/2017 | C-1 | Books |